[Event "46th Ghent Open 2025"]
[Site "Ghent BEL"]
[Date "2025.07.22"]
[Round "7.4"]
[White "Goudriaan, Etienne"]
[Black "Tuerlinckx, Ben"]
[Result "1-0"]
[WhiteTitle "IM"]
[WhiteElo "2322"]
[BlackElo "2125"]
[WhiteFideId "1021150"]
[BlackFideId "229334"]
[EventDate "2025.07.19"]

1. Nf3 Nf6 2. g3 g6 3. Bg2 Bg7 4. c4 O-O 5. O-O c5 6. d4 d6 7. b3 Ne4 8. Bb2 Nc6
9. e3 f5 10. Nbd2 Nxd2 11. Qxd2 cxd4 12. Nxd4 Nxd4 13. Bxd4 Qc7 14. Rad1 Bf6 15.
h4 Kg7 16. h5 Bd7 17. h6+ Kxh6 18. e4+ f4 19. Bxf6 Rxf6 20. e5 Rf5 21. exd6 exd6
22. Qxd6 Qxd6 23. Rxd6 Bc6 24. Bxc6 bxc6 25. Rxc6 Rd8 26. Ra6 Kg5 27. Rxa7 h5
28. Ra6 Rdf8 29. Rd1 fxg3 30. fxg3 Kg4 31. Rxg6+ Kh3 32. Rgd6 Rg5 33. R6d2 Rxg3+
34. Kh1 Rf4 35. c5 h4 36. c6 Rff3 37. Rh2+ Kg4 38. c7 Rc3 39. Rd4+ Kf3 40. Rc4
Rxc4 41. bxc4 Rg8 42. Rxh4 Rc8 43. Rh7 Ke4 44. Rd7 Ke5 45. c5 Ke6 46. c6 1-0

[Event "46th Ghent Open 2025"]
[Site "Ghent BEL"]
[Date "2025.07.22"]
[Round "7.5"]
[White "Vanduyfhuys, Daria"]
[Black "Szajbely, Zsigmond"]
[Result "0-1"]
[WhiteTitle "WFM"]
[BlackTitle "FM"]
[WhiteElo "2122"]
[BlackElo "2298"]
[WhiteFideId "246336"]
[BlackFideId "711691"]
[EventDate "2025.07.19"]

1. d4 Nf6 2. c4 d6 3. Nc3 Bf5 4. g3 c6 5. Bg2 g6 6. e4 Bg4 7. Nge2 Qc8 8. Be3
Bg7 9. Qd2 Bh3 10. Bxh3 Qxh3 11. O-O-O O-O 12. f3 b5 13. e5 b4 14. Na4 Ne8 15.
Qxb4 Na6 16. Qb7 Nec7 17. Qxc6 Nb4 18. Qe4 Nxa2+ 19. Kb1 Qe6 20. b3 Nb4 21. exd6
Qxd6 22. Bf4 Qd8 23. Nc1 Ne6 24. Be3 Nc7 25. Rhe1 e6 26. Bf4 Rb8 27. h4 Nba6 28.
h5 g5 29. Be5 f6 30. h6 Bh8 31. Bxc7 Nxc7 32. Nc5 f5 33. Qc6 Rb6 34. Qd7 Re8 35.
Kc2 Rd6 36. Qxd8 Rdxd8 37. Ne2 Rd6 38. Rd3 Rf8 39. Ra1 a6 40. Ra4 Rb8 41. Rd1
Kf7 42. f4 Kg6 43. Rda1 Rbb6 44. Nd3 Bxd4 45. c5 Bxc5 46. Nxc5 Rbc6 47. Rc4 Nd5
48. Nd4 Rc8 49. Re1 Nb6 50. Rxe6+ Rxe6 51. Ndxe6 Nxc4 52. bxc4 gxf4 53. Nxf4+
Kxh6 54. Nfd3 Kg5 55. Kc3 Kg4 56. Ne6 Kxg3 57. Ng7 Kg4 58. Kd4 a5 59. c5 a4 60.
Ne5+ Kh3 61. Nc4 f4 62. Ne6 f3 63. Ng5+ Kg4 64. Ne4 Kf4 65. Ncd6 Rc7 66. Nc3
Rxc5 67. Kxc5 f2 68. Nd5+ Kf3 69. Nc4 a3 70. Nc3 Kg2 71. Ne3+ Kf3 72. Nc4 h5 73.
Kd4 h4 74. Kd3 f1=Q+ 0-1

[Event "46th Ghent Open 2025"]
[Site "Ghent BEL"]
[Date "2025.07.22"]
[Round "7.6"]
[White "Chaerle, Josse"]
[Black "Dreelinck, Jacob"]
[Result "0-1"]
[BlackTitle "FM"]
[WhiteElo "2035"]
[BlackElo "2266"]
[WhiteFideId "229920"]
[BlackFideId "250511"]
[EventDate "2025.07.19"]

1. c4 e5 2. e3 Nf6 3. d4 Nc6 4. Nc3 Bb4 5. Nf3 exd4 6. exd4 d5 7. Be2 O-O 8. O-O
dxc4 9. Bxc4 Bg4 10. Be3 Ne7 11. h3 Bh5 12. g4 Bg6 13. Ne5 Nfd5 14. Qb3 Bxc3 15.
bxc3 Nb6 16. Be2 Nc6 17. Nxg6 hxg6 18. Bf3 Rb8 19. Bg2 Na5 20. Qb5 Nac4 21. Qg5
c6 22. Rfe1 Re8 23. Bf4 Qxg5 24. Bxg5 f6 25. Bf4 Rbc8 26. Bf1 Kf7 27. Bd3 Nb2
28. Bc2 Rxe1+ 29. Rxe1 Nd5 30. Bg3 Nc4 31. Bb3 b5 32. Rc1 Re8 33. a4 a6 34. axb5
axb5 35. Kg2 Ra8 36. Bxc4 bxc4 37. Bd6 Ke6 38. Bc5 Ra2 39. Kf3 Rd2 40. Re1+ Kf7
41. Ra1 Rd3+ 42. Kg2 Rxc3 43. Ra6 Nf4+ 44. Kg1 Nxh3+ 45. Kf1 Nf4 46. Ke1 Rb3 47.
Kd2 Nd5 48. Rxc6 Rb2+ 49. Ke1 c3 50. Ba3 Ra2 51. Bc1 Ra1 52. Kd1 Ra4 53. Be3
Ra1+ 54. Bc1 Ra2 55. Rd6 Nb4 56. Rb6 Nd3 57. Rc6 Nxf2+ 58. Ke1 Nd3+ 59. Kd1 Ra1
60. Rxc3 Rxc1+ 61. Rxc1 Nxc1 62. Kxc1 Ke6 63. Kd2 Kd5 64. Ke3 g5 65. Kd3 g6 66.
Ke3 f5 67. Kd3 f4 0-1

[Event "46th Ghent Open 2025"]
[Site "Ghent BEL"]
[Date "2025.07.22"]
[Round "7.7"]
[White "Helmer, Jan"]
[Black "Goossens, Hanne"]
[Result "1-0"]
[WhiteTitle "CM"]
[BlackTitle "WIM"]
[WhiteElo "2213"]
[BlackElo "2122"]
[WhiteFideId "12956686"]
[BlackFideId "200468"]
[EventDate "2025.07.19"]

1. d4 d5 2. c4 c6 3. Nf3 Nf6 4. e3 Bf5 5. Nc3 e6 6. Nh4 Be4 7. f3 Bg6 8. Nxg6
hxg6 9. Qb3 Qc7 10. Bd2 a5 11. cxd5 Nxd5 12. g3 Bd6 13. Ne4 Be7 14. a3 Nd7 15.
Rc1 O-O 16. Kf2 Rfd8 17. h4 N7f6 18. Ng5 Nd7 19. e4 N5f6 20. Bf4 Qb6 21. Qxb6
Nxb6 22. Bc7 Nbd7 23. Bxd8 Rxd8 24. Bh3 c5 25. e5 Nh5 26. Ne4 cxd4 27. f4 Bxh4
28. Kf3 Be7 29. g4 f5 30. gxh5 fxe4+ 31. Kxe4 Kf7 32. hxg6+ Kxg6 33. f5+ Kh7 34.
fxe6 Nc5+ 35. Rxc5 Bxc5 36. e7 Bxe7 37. Bf5+ Kg8 38. Be6+ 1-0

[Event "46th Ghent Open 2025"]
[Site "Ghent BEL"]
[Date "2025.07.22"]
[Round "7.8"]
[White "Steffens, Olaf"]
[Black "Ghyselen, Wouter"]
[Result "1-0"]
[WhiteTitle "FM"]
[WhiteElo "2184"]
[BlackElo "2083"]
[WhiteFideId "4630564"]
[BlackFideId "210250"]
[EventDate "2025.07.19"]

1. d4 Nf6 2. Nc3 d6 3. Bf4 Nbd7 4. Nf3 c6 5. e4 Qa5 6. e5 Nd5 7. Bd2 dxe5 8.
dxe5 Nxc3 9. Bxc3 Qd5 10. Qxd5 cxd5 11. Nd4 Nc5 12. Nb5 Kd7 13. O-O-O e6 14. Bd4
a6 15. Nd6 Bxd6 16. exd6 Kxd6 17. b4 Ne4 18. f3 Nf6 19. g4 e5 20. Bc5+ Kc6 21.
c4 Be6 22. f4 Nxg4 23. Bg2 e4 24. f5 Bxf5 25. Rxd5 Bg6 26. Rhd1 Rae8 27. Ba7 Re5
28. Rd6+ Kc7 29. Bb6+ Kc8 30. Rd8+ Rxd8 31. Rxd8# 1-0

[Event "46th Ghent Open 2025"]
[Site "Ghent BEL"]
[Date "2025.07.22"]
[Round "7.9"]
[White "Bekker, Stefan"]
[Black "Butzen, Robin"]
[Result "1/2-1/2"]
[WhiteTitle "FM"]
[WhiteElo "2386"]
[BlackElo "2105"]
[WhiteFideId "1022229"]
[BlackFideId "244392"]
[EventDate "2025.07.19"]

1. Nf3 d5 2. g3 Nf6 3. Bg2 g6 4. c4 c6 5. Qa4 Nbd7 6. cxd5 cxd5 7. O-O Bg7 8.
Nc3 O-O 9. d4 Nb6 10. Qa5 Ne4 11. Bf4 Bf5 12. Nb5 Nc4 13. Qxd8 Rfxd8 14. b3 Nb6
15. a4 a6 16. Nc7 Rac8 17. a5 Na8 18. Rac1 Nxc7 19. Bxc7 Rd7 20. Bf4 Nc3 21.
Rfe1 Rdd8 22. Bd2 Na2 23. Rc5 Rxc5 24. dxc5 Be4 25. e3 Nc3 26. Nd4 Bxg2 27. Bxc3
Be4 28. f3 Bd3 29. Rd1 Bxd4 30. exd4 Bb5 31. Re1 Kf8 32. g4 f6 33. Kf2 Kf7 34.
Kg3 Rc8 35. Bd2 Rc6 36. h4 Re6 37. Be3 Bd7 38. Kf2 Rc6 39. g5 Bf5 40. Kg3 Re6
41. Kf4 Rc6 42. Rh1 Kg7 43. h5 Rc8 44. Bd2 Bc2 45. Re1 Kf7 46. Rh1 Kg7 47. Bb4
Rc6 48. Ba3 Re6 49. Rh2 Bd3 50. Bb4 Bb5 51. Rh1 Re2 52. hxg6 hxg6 53. Bc3 Bd3
54. b4 Bb5 55. Rg1 Rc2 56. Be1 Re2 57. gxf6+ exf6 58. Kg3 Re3 59. Bf2 Rb3 60.
Re1 Kf7 61. Rh1 Kg7 62. Re1 1/2-1/2

[Event "46th Ghent Open 2025"]
[Site "Ghent BEL"]
[Date "2025.07.22"]
[Round "7.10"]
[White "De Waele, Warre"]
[Black "Stap, Kees"]
[Result "1-0"]
[WhiteTitle "FM"]
[WhiteElo "2344"]
[BlackElo "2075"]
[WhiteFideId "241156"]
[BlackFideId "1018744"]
[EventDate "2025.07.19"]

1. d4 d6 2. Nf3 g6 3. c4 Bg7 4. Nc3 Nc6 5. d5 Ne5 6. Nxe5 dxe5 7. e4 e6 8. Be2
Ne7 9. O-O O-O 10. Be3 b6 11. Qd2 c5 12. a3 Qd7 13. b4 cxb4 14. axb4 Bb7 15.
Rfd1 f5 16. f3 f4 17. Bf2 Rfd8 18. Rac1 exd5 19. cxd5 Rdc8 20. Bh4 h6 21. Bb5
Qd6 22. Bxe7 Qxe7 23. d6 Qg5 24. d7 Rd8 25. Nd5 Bxd5 26. Qxd5+ Kh7 27. Qxa8 Rxa8
28. Rc8 Qd8 29. Rxa8 1-0

[Event "46th Ghent Open 2025"]
[Site "Ghent BEL"]
[Date "2025.07.22"]
[Round "7.11"]
[White "Peeters, Alex"]
[Black "Klinova, Masha"]
[Result "1/2-1/2"]
[BlackTitle "IM"]
[WhiteElo "2121"]
[BlackElo "2242"]
[WhiteFideId "252042"]
[BlackFideId "2802015"]
[EventDate "2025.07.19"]

1. d4 d6 2. Nf3 g6 3. g3 Bg7 4. Bg2 Nf6 5. c4 O-O 6. Nc3 c6 7. O-O Bf5 8. Nh4
Be6 9. b3 d5 10. cxd5 cxd5 11. Bb2 Nc6 12. Nf3 Qd7 13. Re1 Rfd8 14. Rc1 Rac8 15.
a3 Bh3 16. Bh1 1/2-1/2

[Event "46th Ghent Open 2025"]
[Site "Ghent BEL"]
[Date "2025.07.22"]
[Round "8.1"]
[White "Knuedel, Torben"]
[Black "Helmer, Jan"]
[Result "1/2-1/2"]
[WhiteTitle "FM"]
[BlackTitle "CM"]
[WhiteElo "2364"]
[BlackElo "2213"]
[WhiteFideId "16208820"]
[BlackFideId "12956686"]
[EventDate "2025.07.19"]

1. e4 c5 2. Nf3 Nc6 3. Nc3 e5 4. Bc4 Be7 5. d3 d6 6. O-O Nf6 7. Ng5 O-O 8. f4
Bg4 9. Qe1 exf4 10. Bxf4 h6 11. Nf3 Nh5 12. Be3 Bxf3 13. Rxf3 Bg5 14. Bxg5 hxg5
15. Nd5 Ne5 16. Rf1 Nf4 17. Nxf4 gxf4 18. Rxf4 Nxc4 19. dxc4 Qg5 20. Qf2 Rae8
21. Rd1 Qg6 22. Qf3 Re5 23. Rd5 Qe6 24. Qd3 Qh6 25. g3 Re6 26. Kg2 Rfe8 27. Rdf5
Qg6 28. h4 R8e7 29. h5 Qh6 30. Qf3 Re5 31. Qg4 Qe6 32. Rxe5 dxe5 33. Qxe6 Rxe6
34. Rf3 Rb6 35. Rb3 Rd6 36. Rxb7 Rd2+ 37. Kf3 Rxc2 38. Rxa7 Rxb2 39. Ra5 f6 40.
Rxc5 Rxa2 41. Kg4 Kh7 42. Rc8 Re2 43. Kf5 Rg2 44. c5 Rxg3 45. Rd8 Rc3 46. Rd5
Kh6 47. Ke6 Kxh5 48. Kd7 Kg4 49. c6 Kf4 50. Kd6 Rxc6+ 51. Kxc6 Kxe4 52. Kd6 g5
53. Ke6 g4 54. Ra5 g3 55. Kxf6 g2 56. Rxe5+ Kf3 57. Rg5 Kf2 58. Rxg2+ Kxg2 1/2-1/2

[Event "46th Ghent Open 2025"]
[Site "Ghent BEL"]
[Date "2025.07.22"]
[Round "8.2"]
[White "Szajbely, Zsigmond"]
[Black "Arman, Deniz"]
[Result "0-1"]
[WhiteTitle "FM"]
[BlackTitle "FM"]
[WhiteElo "2298"]
[BlackElo "2352"]
[WhiteFideId "711691"]
[BlackFideId "6302106"]
[EventDate "2025.07.19"]

1. e4 d6 2. Nc3 Nf6 3. g3 c5 4. Bg2 Nc6 5. Nd5 g6 6. Ne2 Bg7 7. c3 O-O 8. h3 e5
9. O-O Nxd5 10. exd5 Ne7 11. d3 b5 12. a3 Bb7 13. Qb3 Qc7 14. a4 a6 15. c4 bxc4
16. dxc4 Rab8 17. Qa3 Bc8 18. Bd2 Nf5 19. Rab1 Re8 20. Rfc1 e4 21. Re1 e3 22.
fxe3 Bh6 23. Nf4 Bg7 24. Kh2 Qe7 25. b4 cxb4 26. Rxb4 Rxb4 27. Bxb4 Be5 28. e4
Nh4 29. Bf1 g5 30. gxh4 gxf4 31. Qf3 Qxh4 32. Re2 Kh8 33. Be1 Qf6 34. Rg2 Bd7
35. a5 Rb8 36. Bd2 Rb1 37. Rf2 Rb2 38. Kh1 Qh4 39. Be1 Rb1 40. Bd2 Bg4 41. Qg2
Bxh3 42. Qh2 f3 43. Bg5 Rxf1+ 44. Rxf1 Bg2+ 0-1

[Event "46th Ghent Open 2025"]
[Site "Ghent BEL"]
[Date "2025.07.22"]
[Round "8.3"]
[White "Zouaghi, Amir"]
[Black "Goudriaan, Etienne"]
[Result "1/2-1/2"]
[BlackTitle "IM"]
[WhiteElo "2244"]
[BlackElo "2322"]
[WhiteFideId "249262"]
[BlackFideId "1021150"]
[EventDate "2025.07.19"]

1. e4 c5 2. c3 d5 3. exd5 Qxd5 4. d4 g6 5. Nf3 Bg7 6. Be3 cxd4 7. cxd4 Nf6 8.
Nc3 Qd8 9. Bc4 O-O 10. O-O b6 11. Ne5 Bb7 12. Qb3 e6 13. Rac1 Na6 14. a4 Nc7 15.
a5 Nfd5 16. Nxd5 Bxd5 17. axb6 axb6 18. Qxb6 Rb8 19. Qc5 Rxb2 20. Nc6 Bxc6 21.
Qxc6 h6 22. Rb1 Rxb1 23. Rxb1 Nd5 24. Bxd5 Qxd5 25. Qxd5 exd5 26. Rb5 Rd8 27.
Kf1 Kf8 28. Ke2 Ke7 29. Kd3 Ke6 30. g4 Rd6 31. Rb8 Ra6 32. Rg8 Bf6 33. Re8+ Kd7
34. Rf8 Ke7 35. Rb8 Ke6 36. Re8+ Kd7 1/2-1/2

[Event "46th Ghent Open 2025"]
[Site "Ghent BEL"]
[Date "2025.07.22"]
[Round "8.4"]
[White "Dreelinck, Jacob"]
[Black "Steffens, Olaf"]
[Result "1/2-1/2"]
[WhiteTitle "FM"]
[BlackTitle "FM"]
[WhiteElo "2266"]
[BlackElo "2184"]
[WhiteFideId "250511"]
[BlackFideId "4630564"]
[EventDate "2025.07.19"]

1. d4 Nc6 2. Nf3 g6 3. d5 Nb8 4. e4 d6 5. c4 Bg7 6. h3 Nf6 7. Nc3 O-O 8. Bd3
Nbd7 9. O-O Nc5 10. Bc2 e6 11. Bg5 h6 12. Be3 exd5 13. exd5 Re8 14. Bd4 Nfe4 15.
Nxe4 Nxe4 16. Re1 Nf6 17. Qd2 Bd7 18. Bc3 c6 19. dxc6 Bxc6 20. Rxe8+ Nxe8 21.
Bxg7 Kxg7 22. Nd4 Qf6 23. Nxc6 bxc6 24. Be4 d5 25. cxd5 Rd8 26. Qa5 cxd5 27.
Bxd5 Qxb2 28. Re1 Qb6 29. Qxb6 axb6 30. Bb3 Kf8 31. Rc1 Ke7 32. Re1+ Kf8 33. Re4
Nf6 34. Ra4 Ke7 35. g3 Rd2 36. Rb4 Nd7 37. Re4+ Kf8 38. Rf4 Ne5 39. Rf6 Kg7 40.
Rxb6 g5 41. Rb7 h5 42. Kg2 g4 43. hxg4 hxg4 44. a4 Kg6 45. Rc7 f6 46. a5 Nf3 47.
Rc1 Rb2 48. Be6 f5 49. a6 Rb6 50. a7 Ra6 51. Bd5 Rxa7 52. Bxf3 gxf3+ 53. Kxf3
Ra3+ 54. Kg2 Kf6 55. Rc6+ Kf7 56. Rb6 Rc3 57. Ra6 Rb3 58. Rd6 Ra3 59. Rb6 Rc3
60. Rb4 Rc2 61. Kf3 Kg6 62. Ke3 Ra2 63. Rf4 Ra3+ 64. Kd4 Ra4+ 65. Ke3 Ra3+ 66.
Ke2 Rb3 67. Ra4 Rc3 68. Ra8 Rb3 69. Rf8 Ra3 70. Kf1 Rb3 71. Kg2 Ra3 72. Rg8+ Kf6
73. Rh8 Rb3 74. Rh4 Rb2 75. Rf4 Kg5 76. Ra4 Kg6 77. Ra6+ Kf7 78. Kf3 Rb4 79. Ke3
Kg7 80. Rd6 Ra4 81. Rd4 Ra2 82. Rb4 Kg6 83. Rb6+ Kg7 84. Rc6 Kf7 85. Rb6 Kg7 86.
f3 Ra4 87. Rd6 Rb4 88. Rd4 Rb6 89. Ra4 Kf6 90. Ra3 Rc6 91. f4 Rb6 92. Kf3 Rc6
93. Kg2 Rc1 94. Ra6+ Kf7 95. Ra2 Rc8 96. Ra1 Kf6 97. Rh1 Rc2+ 98. Kh3 Rc8 99.
Ra1 Rh8+ 100. Kg2 Rb8 101. Ra7 Rb1 102. Ra6+ Kf7 103. Kf2 Rb3 104. Rh6 Ra3 105.
Kg2 Ra1 106. Rb6 Rc1 107. Rb3 Ra1 108. Kf3 Ra4 109. g4 fxg4+ 110. Kxg4 Ra6 111.
f5 Kf6 112. Rc3 1/2-1/2

[Event "46th Ghent Open 2025"]
[Site "Ghent BEL"]
[Date "2025.07.22"]
[Round "8.5"]
[White "Maerevoet, Sim"]
[Black "Carlin, John D"]
[Result "1-0"]
[WhiteTitle "IM"]
[WhiteElo "2454"]
[BlackElo "2183"]
[WhiteFideId "241725"]
[BlackFideId "408255"]
[EventDate "2025.07.19"]

1. e4 c5 2. Nf3 d6 3. d4 cxd4 4. Nxd4 Nf6 5. Nc3 a6 6. Nb3 Nc6 7. Be3 Ng4 8. Bd2
Nf6 9. f3 e6 10. Qe2 Be7 11. O-O-O Bd7 12. g4 b5 13. g5 Nh5 14. f4 g6 15. Qf2 b4
16. Na4 Rb8 17. Be3 Na5 18. Bb6 Nxb3+ 19. axb3 Qc8 20. Bd4 O-O 21. Nb6 Qc7 22.
Nxd7 Qxd7 23. Be2 e5 24. Bxe5 Qc7 25. Bd4 Ng7 26. Bc4 Ne6 27. Bd5 Rbc8 28. Rd2
Qa5 29. Kb1 Rb8 30. h4 Nc7 31. Bc4 d5 32. exd5 Nb5 33. h5 Nxd4 34. Rxd4 Bd6 35.
f5 Qb6 36. hxg6 fxg6 37. Qh4 1-0

[Event "46th Ghent Open 2025"]
[Site "Ghent BEL"]
[Date "2025.07.22"]
[Round "8.6"]
[White "Oorebeek, Erwin"]
[Black "De Waele, Warre"]
[Result "0-1"]
[BlackTitle "FM"]
[WhiteElo "2164"]
[BlackElo "2344"]
[WhiteFideId "1014838"]
[BlackFideId "241156"]
[EventDate "2025.07.19"]

1. Nf3 Nf6 2. g3 b5 3. Bg2 Bb7 4. O-O e6 5. d3 d5 6. a4 b4 7. Nbd2 Be7 8. Re1
O-O 9. e4 c5 10. e5 Nfd7 11. Nf1 Nc6 12. h4 Qc7 13. Bf4 Rfc8 14. h5 h6 15. Ne3
Qd8 16. Ng4 Bf8 17. Qd2 Kh7 18. c4 bxc3 19. bxc3 Rab8 20. Ngh2 Na5 21. Qc2 Bc6
22. g4 Be7 23. Nf1 d4 24. c4 Rb3 25. N1d2 Rc3 26. Qd1 Rb8 27. Nb1 Rcb3 28. Nfd2
Rb2 29. Ne4 Bxe4 30. Bxe4+ Kg8 31. Re2 Rxe2 32. Qxe2 Bg5 33. Qf3 Bxf4 34. Qxf4
Qg5 35. Qxg5 hxg5 36. Nd2 Nxe5 0-1

[Event "46th Ghent Open 2025"]
[Site "Ghent BEL"]
[Date "2025.07.22"]
[Round "8.7"]
[White "Roos, Adrian"]
[Black "Stork, Ornett"]
[Result "1-0"]
[WhiteTitle "FM"]
[WhiteElo "2188"]
[BlackElo "2133"]
[WhiteFideId "263621"]
[BlackFideId "1010719"]
[EventDate "2025.07.19"]

1. d4 Nf6 2. Nf3 c5 3. d5 b5 4. Bg5 Qb6 5. Bxf6 Qxf6 6. c3 Qb6 7. e4 d6 8. a4
bxa4 9. Qxa4+ Bd7 10. Qc2 g6 11. Nbd2 Bg7 12. Bd3 O-O 13. O-O e6 14. Nc4 Qc7 15.
Ne3 Bc8 16. Ra3 Nd7 17. Rfa1 Nb6 18. Bb5 exd5 19. exd5 Bd7 20. Bxd7 Qxd7 21. Nd2
f5 22. Ndc4 Nc8 23. f4 Re8 24. Qa4 Qxa4 25. Rxa4 Re4 26. g3 Rb8 27. Kf2 Rb7 28.
Ra6 Rbe7 29. Re1 Rb7 30. Rc6 Rb8 31. Re2 Bf8 32. Kf3 Kf7 33. g4 Bh6 34. Rc7+ Kg8
35. g5 Bf8 36. Ng4 fxg4+ 37. Kxe4 Nb6 38. Nxb6 axb6 39. Kd3 b5 40. Re6 b4 41.
Rf6 bxc3 42. bxc3 Ra8 43. Rff7 h5 44. gxh6 Bxh6 45. Rf6 Kh8 46. f5 Bf4 47. fxg6 1-0

[Event "46th Ghent Open 2025"]
[Site "Ghent BEL"]
[Date "2025.07.22"]
[Round "8.8"]
[White "De Block, Yordi"]
[Black "Bowcott-Terry, Finlay"]
[Result "1/2-1/2"]
[WhiteElo "2049"]
[BlackElo "2183"]
[WhiteFideId "214175"]
[BlackFideId "449199"]
[EventDate "2025.07.19"]

1. d4 d5 2. Bf4 e6 3. e3 Nf6 4. Bd3 Bd6 5. Bxd6 Qxd6 6. c3 Nbd7 7. Nf3 O-O 8.
Nbd2 e5 9. dxe5 Nxe5 10. Nxe5 Qxe5 11. O-O b6 12. Qa4 Bb7 13. Rad1 c5 14. Nf3
Qc7 15. Ba6 Bc6 16. Bb5 Bb7 17. Ba6 Rfe8 18. Bxb7 Qxb7 19. Qc2 b5 20. a4 Rab8
21. axb5 Qxb5 22. Rd2 Re6 23. Ra1 Ra6 24. Rxa6 Qxa6 25. h3 g6 26. Ne5 Qa2 27. c4
Re8 28. f4 dxc4 29. Qxc4 Qxc4 30. Nxc4 Rb8 31. Rc2 Ne4 32. Nd2 Nxd2 33. Rxd2 Rb3
34. Kf2 Kf8 35. Kf3 Ke7 36. g4 Ke6 37. Ke4 1/2-1/2

[Event "46th Ghent Open 2025"]
[Site "Ghent BEL"]
[Date "2025.07.22"]
[Round "8.9"]
[White "Ghyselen, Wouter"]
[Black "Bekker, Stefan"]
[Result "0-1"]
[BlackTitle "FM"]
[WhiteElo "2083"]
[BlackElo "2386"]
[WhiteFideId "210250"]
[BlackFideId "1022229"]
[EventDate "2025.07.19"]

1. e4 c5 2. Nf3 d6 3. d4 cxd4 4. Qxd4 Nc6 5. Qe3 g6 6. Nc3 Bg7 7. Be2 Nf6 8. O-O
Bd7 9. h3 Rc8 10. Rd1 Qc7 11. Qf4 O-O 12. Qh4 Rfe8 13. Be3 Qa5 14. a3 a6 15.
Rac1 Ne5 16. Nxe5 Qxe5 17. Bd4 g5 18. Bxe5 gxh4 19. Bd4 Bh6 20. Rb1 e5 21. Be3
Bxe3 22. fxe3 Rc6 23. Rf1 Kg7 24. Rbd1 Be6 25. Bd3 Nh5 26. Rf2 Ng3 27. Ne2 Nxe2+
28. Rxe2 Rb6 29. b3 Rc8 30. Kf2 Kf6 31. Ke1 Ke7 32. Rf2 Rbc6 33. Ra1 a5 34. a4
Rg8 35. Kd2 Rg3 36. Re1 h6 37. Rh1 Rc8 38. Re1 Rcg8 39. Ree2 d5 40. exd5 Bxd5
41. e4 Be6 42. Bb5 Rd8+ 43. Kc1 Rd4 44. Kb2 b6 45. Bd3 f6 46. Re1 Rb4 47. Rd2
Rd4 48. Rf2 Bd7 49. Ree2 Be8 50. Re1 Bc6 51. Ree2 Rd8 52. Kc1 Rdg8 53. Kd2 Be8
54. Kc1 Bh5 55. Rd2 Rc8 56. Kb2 Re3 57. Kb1 Rd8 58. Kb2 Rd4 59. Kb1 Re1+ 60. Kb2
Rd6 61. Ka2 Re3 62. Kb2 Bf7 63. Rde2 Rxe2 64. Rxe2 Rd4 65. Kc3 Kf8 66. Kd2 Rd8
67. Ke3 Ke7 68. Rd2 Be6 69. Bf1 Rxd2 70. Kxd2 f5 71. Bd3 Kd6 72. Ke3 fxe4 73.
Bxe4 Kc5 74. Kd3 Kb4 75. Kd2 Bc8 76. Kd3 Ba6+ 77. Kd2 Ka3 78. Kc3 Ka2 79. Bc6
Kb1 80. Kd2 Kb2 81. Be4 Bc8 82. Kd3 Be6 83. Kd2 Bf7 84. Kd3 Kc1 85. Ke2 Bh5+ 86.
Kd3 Bd1 87. Kc3 Be2 88. Bf3 Bf1 0-1

[Event "46th Ghent Open 2025"]
[Site "Ghent BEL"]
[Date "2025.07.22"]
[Round "8.10"]
[White "Klinova, Masha"]
[Black "Leenen, Boyd"]
[Result "1-0"]
[WhiteTitle "IM"]
[WhiteElo "2242"]
[BlackElo "2074"]
[WhiteFideId "2802015"]
[BlackFideId "1083937"]
[EventDate "2025.07.19"]

1. e4 e5 2. Nf3 Nc6 3. Bc4 Nf6 4. d3 d5 5. exd5 Nxd5 6. O-O Be7 7. Re1 f6 8. h3
Be6 9. d4 Ne3 10. Bxe3 Bxc4 11. Nbd2 Bf7 12. dxe5 fxe5 13. Ne4 h6 14. Bc5 Bxc5
15. Nxc5 O-O 16. Nxe5 Nxe5 17. Rxe5 b6 18. Qxd8 Raxd8 19. Ne4 Bg6 20. Re1 Bxe4
21. R5xe4 Rd2 22. R1e2 Rfd8 23. f3 Rxe2 24. Rxe2 Kf7 25. Kf2 Rd1 26. h4 Rh1 27.
g3 Rh2+ 28. Ke3 Rh1 29. Kf4 Ra1 30. a3 Rh1 31. Re4 Rb1 32. b4 Ra1 33. Rc4 Rxa3
34. Rxc7+ Kf6 35. b5 Ra4+ 36. c4 Ra3 37. Ke4 Rc3 38. h5 Ke6 39. g4 Kf6 40. f4
Ra3 41. Rc6+ Kf7 42. Kf5 a6 43. Rxb6 1-0

[Event "46th Ghent Open 2025"]
[Site "Ghent BEL"]
[Date "2025.07.22"]
[Round "8.11"]
[White "Venkataramanan, T.S."]
[Black "Rogiers, Jan"]
[Result "1-0"]
[WhiteTitle "FM"]
[WhiteElo "2220"]
[BlackElo "2039"]
[WhiteFideId "5001579"]
[BlackFideId "205109"]
[EventDate "2025.07.19"]

1. e4 e6 2. d4 d5 3. Nd2 Nf6 4. e5 Nfd7 5. Bd3 c5 6. c3 b6 7. Ne2 Ba6 8. Nf3
Bxd3 9. Qxd3 Qc8 10. O-O Qa6 11. Qe3 Nc6 12. Bd2 h6 13. Rfc1 c4 14. Nf4 g6 15.
b3 Na5 16. h4 Qb7 17. Rab1 Qc7 18. Re1 O-O-O 19. b4 Nc6 20. a4 Re8 21. Qe2 Nd8
22. Nh3 Be7 23. Bf4 Reg8 24. Qd2 Bf8 25. Nh2 Rh7 26. g3 Rgh8 27. Ng4 a6 28. Kg2
Kb7 29. Re3 Ka7 30. Rf3 Ka8 31. Re1 Ka7 32. Ne3 Qb7 33. Ng4 Qc7 34. Qc1 Ka8 35.
Ng1 Ka7 36. Rfe3 Nb7 37. Nf3 Qd8 38. R3e2 Ka8 39. Rh1 Ka7 40. Nf6 Nxf6 41. exf6
Bd6 42. Be5 Qc7 43. Qf4 Rc8 44. b5 a5 45. Rhe1 Ka8 46. Bxd6 Nxd6 47. Ne5 Ne4 48.
Rxe4 dxe4 49. Qxe4+ Qb7 50. Nc6 Rhh8 51. d5 exd5 52. Qxd5 Rhd8 53. Qxc4 Rd7 54.
Re3 Rdc7 55. Qd5 Rd7 56. Qf3 Rdc7 57. Re7 h5 58. Qd5 Rf8 59. c4 Rfc8 60. Qxf7 1-0

[Event "46th Ghent Open 2025"]
[Site "Ghent BEL"]
[Date "2025.07.23"]
[Round "9.1"]
[White "Arman, Deniz"]
[Black "Maerevoet, Sim"]
[Result "1/2-1/2"]
[WhiteTitle "FM"]
[BlackTitle "IM"]
[WhiteElo "2352"]
[BlackElo "2454"]
[WhiteFideId "6302106"]
[BlackFideId "241725"]
[EventDate "2025.07.19"]

1. e4 c5 2. c3 d5 3. exd5 Qxd5 4. d4 g6 5. Nf3 Bg7 6. Nbd2 cxd4 7. Bc4 Qh5 8.
Qb3 Nh6 9. Nxd4 O-O 10. O-O Nf5 11. Nxf5 Qxf5 12. Nf3 Nc6 13. Qb5 a6 14. Qb6 Na5
15. Be2 Qe6 16. Be3 Nc4 17. Bxc4 Qxc4 18. Bc5 Re8 19. Rfe1 Be6 20. Nd4 Bxd4 21.
Bxd4 Qc6 22. Qxc6 bxc6 23. Bc5 Rad8 24. b4 Rd3 25. Rac1 Kf8 26. a4 Red8 27. a5
R8d7 28. Bd4 Rd2 29. Rcd1 Rxd1 30. Rxd1 g5 31. Rd2 f6 32. Be3 Rxd2 33. Bxd2 Bc4
34. f3 e5 35. Kf2 Kf7 36. Be3 Ke6 37. g4 Bd3 38. Bb6 Bg6 39. Bd8 h5 40. h3 h4
41. Kg2 Bd3 42. Kf2 Kf7 43. Kg2 Kg6 44. Bc7 Bc4 1/2-1/2

[Event "46th Ghent Open 2025"]
[Site "Ghent BEL"]
[Date "2025.07.23"]
[Round "9.2"]
[White "Steffens, Olaf"]
[Black "Knuedel, Torben"]
[Result "0-1"]
[WhiteTitle "FM"]
[BlackTitle "FM"]
[WhiteElo "2184"]
[BlackElo "2364"]
[WhiteFideId "4630564"]
[BlackFideId "16208820"]
[EventDate "2025.07.19"]

1. Nc3 d5 2. g3 d4 3. Nb1 h5 4. h3 e5 5. d3 Nc6 6. Bg2 Be6 7. c4 h4 8. g4 Bb4+
9. Nd2 Nge7 10. a3 Bxd2+ 11. Bxd2 a6 12. b4 f6 13. Qc2 O-O 14. Be4 f5 15. gxf5
Bxf5 16. Bg2 e4 17. dxe4 Be6 18. Nf3 Ng6 19. Ng5 Qf6 20. O-O Qe5 21. f4 Nxf4 22.
Rxf4 Rxf4 23. Nxe6 Rf6 24. Ng5 d3 25. Qc3 Nd4 26. Qxd3 Nxe2+ 27. Qxe2 Qxa1+ 28.
Qe1 Qxe1+ 29. Bxe1 a5 30. b5 c6 31. Bxh4 Rd8 32. Nf3 Rd1+ 33. Kh2 Rf4 34. bxc6
bxc6 35. e5 Rxc4 36. e6 Re4 37. e7 c5 38. Kg3 c4 39. Nd2 Rxe7 40. Nxc4 Rd3+ 41.
Kf2 Rc7 42. Ne3 Rxa3 43. Bd5+ Kh8 44. Bg5 Rc5 45. Be7 Rxe3 46. Bxc5 Re5 0-1